000 02908nam a22004097a 4500
001 2397
003 gttocutb
005 20251022185231.0
007 ta
008 251022e2001 gt abd|| |||| 001 0 spa d
020 1 1 _cDisponible
040 1 1 _agttocutb
_bspa
_cgttocutb
_erda
082 0 4 _a972.81 P978
_b19
100 1 1 _aPolo Sifontes, Francis.
_eautor
245 1 1 _aHistoria de Guatemala
_cFracis Polo Sifontes (autor)
250 _a4a.
264 1 _aGuatemala:
_bTipografia Nacional,
_c2001.
300 1 1 _a370 páginas :
_c21 cm.
_bIlustraciones, fotografías y gráficas en blanco y negro
336 1 1 _2rdacontenido
_atexto
_btxt
337 1 1 _2rdamedio
_asin mediación
_bn
338 1 _2rdasoporte
_avolumen
_bnc
505 0 0 _gIndice:
505 0 0 _g1. Culturas indígenas 15,000 AC -1524 --
505 0 _g2. El periodo hispánico 1524-1821 --
505 0 0 _g3. La sociedad indígena durante la colonia --
505 0 0 _g4. Vida independiente 1821-1950 --
505 0 _g5. La independencia y la unión a México --
520 0 0 _aFrancis Polo es una de los historiadores más fecundos de Guatemala. Especializado en historia Antigua de América, se ha incursionado también en las otras épocas del devenir de su patria. Ha publicado una decena de libros sobre temas de su especialidad y también escribe con profusión en revistas y periódicos. Es miembro correspondiente de la Real Academia de la Historia de Madrid, así como de las academias de Puerto Rico, Venezuela, Honduras, México, Costa Rica, República Dominicana, etc. Actualmente Polo Sifontes se desempeña como profesor de la catedra de Historia de Guatemala en la Facultad de Humanidades de la universidad de San Carlos de Guatemala. En 1982 recibió el premio Dama de Plata, concedido a su programa radial “Raíces Verdes”, como el mejor programa del año por su contenido; así mismo dicta conferencias y participa en foros internacionales. Sus méritos profesionales y don de gentes, le han llevado a ocupar honorosos cargos en los últimos años: Director General de Cultura y Bellas Artes, Director General del instituto de Antropología e Historia, Presidente del Consejo Técnico de Educación, Presidente del Colegio Profesional de Humanidades y Viceministro de Educación – entre otros- demuestra su actividad y acuciosidad. En esta obra nos presenta el futuro de sus investigaciones de archivo, así como de la experiencia en la docencia universitaria, en una visión conjunto, completa pero condensada, sobre la apasionante historia de Guatemala.
521 0 0 _aRecomendado para público en general.
650 1 4 _2LEMB
_aHistoria de Guatemala.
650 1 4 _2LEMB
_aCulturas indígenas 15,000 AC-1524 DC.
650 1 4 _2LEMB
_aEl periodo hispánico 1524-1821.
650 1 4 _2LEMB
_aVida independiente 1821-1950.
700 _aFrancis Polo Sifontes
_eautor
760 _b4a.
942 1 _2ddc
_cBK
_n0
_e4a.
999 _c2397
_d2397